Statystyki dla Państwa o najniższym wskaźniku otyłości

Kliknij tutaj aby rozwiązać quiz!

Ogólne statystyki

  • Ten quiz został rozwiązany 2 729 razy
  • Średni wynik to 9 z 21

Statystyki odpowiedzi

%Państwo% Poprawnych
4.3Japonia
80%
3.9Indie
67%
4.7Korea
Południowa
66%
5.5Niger
62%
4.5Etiopia
54%
2.1Wietnam
52%
5.3Laos
46%
3.6Bangladesz
43%
3.9Kambodża
43%
4.1Nepal
41%
5.8Mjanma
40%
5.5Afganistan
34%
5.3Uganda
34%
5.0Erytrea
32%
5.2Sri Lanka
32%
5.3Madagaskar
31%
5.8Rwanda
29%
5.4Burundi
25%
5.8Malawi
23%
3.8Timor
Wschodni
21%
5.6Burkina Faso
20%

Rozkład punktacji

Percentyl według liczby udzielonych odpowiedzi

Procent ludzi z każdym wynikiem

Twoja historia wyników

Nie rozwiązałeś tego quizu